00946nam a2200253Ia 450000500170000000800410001702000150005805000210007310000400009424500730013425000190020726000340022630000180026033600100027833700140028833800120030250400420031450501380035651900440049465000220053894200070056095201080056799900170067520231102151242.0120720s2000 mx 000 0 spa d a9700709922 aKGF327bP46 200010aPeniche Bolio, Francisco J. eautor aIntroducción al Estudio del Derechoc / Francisco J. Peniche Bolio a15a. edición aMéxicob : Porrúac, 2000 a250 páginas atexto asin medio avolumen aIncluye: bibliografía (pp. 243-244) aVisión general del derecho Conceptos jurídicos fundamentales Técnica jurídica Reflexión final sobre el concepto de derecho  aMaterial Complementario / d(03 000658)14aDERECHOzMÉXICO cLB 00104070a03b03d2001-05-15l4oKGF327 P4 2000p03 000658r2017-03-27s2017-03-27t1w2012-07-20yLB c78788d78788